000 00499nam a2200193 a 4500
001 5843
003 CO-ViMGA
008 141112s2004 ck r 000 u spa d
040 _aCO-ViMGA
_bspa
_cCO-ViMGA
082 0 4 _a923.6 K453Ll
100 1 _aLlarch, Joan
_94394
245 1 0 _aMartín Luther King :
_buna vida por la paz
250 _a2a
260 _aBarcelona :
_bJuventud,
_c1982
300 _a174 p
490 _aZ, 184
650 1 4 _aKING, MARTIN LUTHER 1929 - 1968
_94395
942 _2ddc
_cBK
999 _c17821
_d17821